000 00839nam a2200253Ia 4500
003 OSt
005 20220923215726.0
006 a|||||r|||| 00| 0
007 ta
008 220922b |||||||| |||| 00| 0 hin d
024 _a181,233
037 _cTextual
040 _aARTS
_cARTS
_bhin
041 _2hin
_ahin
082 _aO152,1N33x, M6
100 _aगुप्त, सुरेश चन्द्र
245 0 _aदूब की ज्वाला
246 _aDūb kī jvālā
260 _aनई दिल्ली
_b ऋषभचरण जैन एंव सन्तति
_c1986
300 _a80 पृ.
_ccm.
650 _aहिन्दी साहित्य
_9156264
942 _hO152,1N33x, M6
_cTEXL
_2CC
999 _c334611
_d334611